000 00640 a2200193 4500
020 _c220.00
035 _aB-93649
037 _bRP-ZLS-2260 / UBH-05-06:7 / RP-05-06:ENG
082 1 4 _a346.5403
090 _c3320
_d3320
100 1 _aBangia, R.K.
245 1 _aThe law of torts
_bincluding Moter Vehicle Act & Consumer Protection Act
_cby R.K. Bangia
250 _a18th ed.
260 _aFaridabad
_bAllahabad Law Agency
_c2005r
300 _alvi, 638 p
_c21.5 cm (pbk)
500 _aThis is reprint 2005
942 _adpl
_cEN
_k346.5403 / BAN
999 _c3255
_d3255